| 000 | 01613pab a2200181 454500 | ||
|---|---|---|---|
| 008 | 180718b2018 xxu||||| |||| 00| 0 eng d | ||
| 100 | _aAkram, Sadiya | ||
| 245 | _aRepresentative bureaucracy and unconscious bias: exploring the unconscious dimension of active representation | ||
| 260 | _c2018 | ||
| 300 | _ap.119-133. | ||
| 520 | _aRepresentative bureaucracy theory explores the effects of representation on bureaucracies, but less attention has been paid to date as to how agents represent values or interests. Addressing this omission, this article highlights the unconscious dimension of active representation and, more specifically, the role of unconscious bias in representation. Unconscious bias has received limited attention to date in public administration, but has clear relevance for understanding how representation occurs at the individual level. This article proposes a framework for understanding unconscious bias. Drawing on Bourdieu's habitus, but making explicit its unconscious dimension, I argue that unconscious bias enhances our understanding of how active representation occurs in bureaucracies today. The article applies these insights to the case of unconscious gender bias as found in the Australian Public Service (APS) and concludes by exploring the methodological challenges involved in building a research agenda into tackling unconscious bias. - Reproduced. | ||
| 650 | _aPublic service - Australia - Case study | ||
| 650 | _aPublic administration | ||
| 650 | _aRepresentative bureaucracy | ||
| 650 | _aBureaucracy | ||
| 773 | _aPublic Administration | ||
| 909 | _a117044 | ||
| 999 |
_c117038 _d117038 |
||